| 000 | 00589nam a2200205Ia 4500 | ||
|---|---|---|---|
| 003 | GCL | ||
| 008 | 140319s9999 xx 000 0 ara d | ||
| 040 |
_aGCL / _cGCL |
||
| 082 | 0 | 4 |
_a301.2 _bق ع |
| 100 | 1 | _aقبارى محمد اسماعيل | |
| 245 | 1 | 0 |
_aعلم الانسان / _cقبارى محمد اسماعيل |
| 260 |
_a[S.N] : _bمكتبه النهضه المصريه |
||
| 300 | _a469 ص | ||
| 490 | _a | ||
| 650 | 0 | 4 | _aتاريخ |
| 650 | 0 | 4 | _aالاجتماع |
| 650 | 0 | 4 | _aالانثربولوجيا |
| 650 | 0 | 4 | _aالبناء الاجتماعى |
| 942 |
_2ddc _cBK |
||
| 999 |
_c31852 _d31852 |
||